000 00615njm a2200181 i 4500
001 C2-0229328
003 PPAK
005 20180729152208.0
008 000928s1998 my |||| ||||| | may d
040 _aPPAK
_beng
_cPPAK
_erda
245 0 0 _aHaji Mohamed Sheriff b. Osman (Menteri Besar Kedah Pertama)
264 1 _aAlor Setar, Kedah :
_bPerbadanan Perpustakaan Awam Kedah ,
_c1998
336 _2rdacontent
_atext
337 _2rdamedia
_aunmediated
338 _2rdacarrier
_avolume
500 _aDirakamkan pada 08/08/1998 ; Rakaman Diskusi Majlis Pesara Dalam Kenangan ; Mempunyai transkripsi
942 _ddc
_cB
999 _c163248
_d163248